[Event "HUN-chT4 Chalupetzky 1819"]
[Site "Hunagry"]
[Date "2018.11.25"]
[Round "3.2"]
[White "Horvath, Tibor"]
[Black "Borbely, Mate"]
[Result "1-0"]
[WhiteElo "1841"]
[BlackElo "1819"]
[PlyCount "71"]
[EventDate "2018.10.14"]
[EventType "team-tourn"]
[EventRounds "10"]
[EventCountry "HUN"]
[SourceTitle "EXT 2020"]
[Source "ChessBase"]
[SourceDate "2019.10.17"]
[SourceVersion "1"]
[SourceVersionDate "2019.10.17"]
[SourceQuality "1"]
[WhiteTeam "KSE Level"]
[BlackTeam "Toltestava Tornado"]
[WhiteTeamCountry "HUN"]
[BlackTeamCountry "HUN"]

1. d4 Nf6 2. Nf3 e6 3. Bf4 d5 4. e3 Bd6 5. Bg5 0-0 6. Bd3 Nbd7 7. Nbd2 e5 8. dxe5 Nxe5 9. Nxe5 Bxe5 10. c3 Bd6 11. Bxf6 Qxf6 12. Qh5 g6 13. Qxd5 Rd8 14. Ne4 Qe7 15. Nxd6 Rxd6 16. Qe4 Qd8 17. Bc4 Bf5 18. Qf3 Qh4 19. Qxb7 Rad8 20. Qb4 Qg5 21. 0-0 Bh3 22. Qb7 Rf6 23. Rfd1 Rf8 24. Rd2 Bg4 25. Bf1 Qe5 26. Qxa7 h5 27. Qd4 Qe6 28. a4 h4 29. h3 Bf5 30. Qxh4 Kg7 31. a5 Rh8 32. Qg3 Bxh3 33. gxh3 g5 34. a6 g4 35. a7 Rg6 36. h4 1-0

[Event "HUN-chT4 Chalupetzky 1718"]
[Site "Hungary"]
[Date "2018.03.11"]
[Round "7.1"]
[White "Borbely, Mate"]
[Black "Fekete, Laszlo1111"]
[Result "1-0"]
[WhiteElo "1818"]
[BlackElo "1763"]
[PlyCount "157"]
[EventDate "2017.10.15"]
[EventType "team-tourn"]
[EventRounds "7"]
[EventCountry "HUN"]
[SourceTitle "EXT 2019"]
[Source "ChessBase"]
[SourceDate "2018.10.10"]
[SourceVersion "1"]
[SourceVersionDate "2018.10.10"]
[SourceQuality "1"]
[WhiteTeam "Toltestava Tornado"]
[BlackTeam "Gyor Szechenyi II"]
[WhiteTeamCountry "HUN"]
[BlackTeamCountry "HUN"]

1. d4 d5 2. Nf3 Nf6 3. c4 e6 4. Nc3 c6 5. e3 Bb4 6. Bd2 0-0 7. Bd3 Bxc3 8. Bxc3 Ne4 9. 0-0 f5 10. Nd2 Qh4 11. f3 Ng5 12. Qe2 Bd7 13. e4 Re8 14. Qf2 Qh6 15. Rae1 Qg6 16. Kh1 Na6 17. b4 Nc7 18. a4 a6 19. e5 Qh6 20. Ra1 g6 21. c5 Rec8 22. Rfb1 Qf8 23. Qe2 Qe8 24. Rb2 Rcb8 25. Rab1 b6 26. cxb6 Rxb6 27. Nb3 Nf7 28. Nc5 Qc8 29. f4 Kg7 30. g3 h5 31. Kg2 Nd8 32. h3 Nb7 33. a5 Rb5 34. Nb3 Nd8 35. Bxb5 Nxb5 36. Bd2 Na3 37. Rg1 Nc4 38. Rc2 Nb7 39. Be1 Qf8 40. Nd2 Na3 41. Rb2 Rb8 42. Rb3 Nb5 43. Qe3 Kf7 44. Kf2 Qh6 45. Ke2 Ke7 46. Rg2 Rg8 47. Nf3 Nd8 48. Bd2 Nb7 49. g4 hxg4 50. hxg4 Qf8 51. Qg1 Be8 52. Ng5 Nd8 53. Rh3 Rg7 54. Rh7 Kd7 55. Rgh2 Kc8 56. Rxg7 Qxg7 57. Ke3 Qa7 58. Kd3 fxg4 59. Rh8 Nc7 60. Qxg4 Qb7 61. Ke3 c5 62. dxc5 d4+ 63. Kf2 Qd5 64. Qf3 Qa2 65. Ne4 Nf7 66. Rf8 Kd7 67. Qd3 Ke7 68. Rg8 Bc6 69. Nd6 Qd5 70. Rxg6 Nb5 71. Rg7 Nbxd6 72. cxd6+ Kf8 73. Qg3 Qf3+ 74. Qxf3 Bxf3 75. Rxf7+ Kxf7 76. Kxf3 Ke8 77. Ke4 Kd7 78. Kxd4 Kc6 79. Kc4 1-0

[Event "HUN-chT4 1617"]
[Site "Hungary"]
[Date "2017.03.19"]
[Round "6.4"]
[White "Borbely, Mate"]
[Black "Nemeth, Balint"]
[Result "1/2-1/2"]
[WhiteElo "1800"]
[BlackElo "1866"]
[PlyCount "26"]
[EventDate "2016.10.02"]
[EventType "team-tourn"]
[EventRounds "7"]
[EventCountry "HUN"]
[SourceTitle "EXT 2019"]
[Source "ChessBase"]
[SourceDate "2018.10.10"]
[SourceVersion "1"]
[SourceVersionDate "2018.10.10"]
[SourceQuality "1"]

1. d4 d5 2. Nf3 Nf6 3. Bg5 c6 4. Bxf6 exf6 5. Nbd2 Bf5 6. e3 Bd6 7. Nh4 Be6 8. Bd3 0-0 9. c3 Re8 10. 0-0 Qd7 11. Qc2 g6 12. Rae1 Qc7 13. f4 f5 1/2-1/2

[Event "HUN-chT4 1617"]
[Site "Hungary"]
[Date "2016.12.04"]
[Round "3.3"]
[White "Borbely, Mate"]
[Black "Posfai, Zoltan"]
[Result "0-1"]
[WhiteElo "1806"]
[BlackElo "1741"]
[PlyCount "82"]
[EventDate "2016.10.02"]
[EventType "team-tourn"]
[EventRounds "7"]
[EventCountry "HUN"]
[SourceTitle "EXT 2019"]
[Source "ChessBase"]
[SourceDate "2018.10.10"]
[SourceVersion "1"]
[SourceVersionDate "2018.10.10"]
[SourceQuality "1"]

1. d4 d5 2. Nf3 Nf6 3. g3 Bf5 4. Bg2 e6 5. 0-0 Be7 6. c4 c6 7. Nc3 0-0 8. Nd2 Nbd7 9. e4 dxe4 10. Ndxe4 Nxe4 11. Nxe4 Nf6 12. Re1 Nxe4 13. Bxe4 Bxe4 14. Rxe4 Bf6 15. Be3 Qd7 16. Qe2 Rfd8 17. Rd1 Qc7 18. b3 Rd7 19. f4 g6 20. c5 Rad8 21. g4 Rd5 22. g5 Bg7 23. h4 Qd7 24. Bf2 Rxc5 25. Kg2 Rd5 26. h5 c5 27. Rh1 Bxd4 28. hxg6 fxg6 29. Bxd4 Rxd4 30. Rxd4 cxd4 31. Qd3 Qd5+ 32. Kg1 Rc8 33. Rh6 Qf5 34. Qxf5 gxf5 35. Rh3 Rd8 36. Kf2 d3 37. Rh1 Kg7 38. Ke1 d2+ 39. Ke2 d1Q+ 40. Rxd1 Rxd1 41. Kxd1 h6 0-1

[Event "HUN-chT4 Chalupetzky 1516"]
[Site "Fertoszentmiklos"]
[Date "2015.12.13"]
[Round "3.3"]
[White "Markus, Jozsef"]
[Black "Borbely, Mate"]
[Result "1/2-1/2"]
[WhiteElo "1734"]
[BlackElo "1808"]
[PlyCount "80"]
[EventDate "2015.10.11"]
[EventType "team-tourn"]
[EventRounds "7"]
[EventCountry "HUN"]
[SourceTitle "EXT 2017"]
[Source "ChessBase"]
[SourceDate "2016.10.25"]
[SourceVersion "1"]
[SourceVersionDate "2016.10.25"]
[SourceQuality "1"]
[WhiteTeam "Gonyu"]
[BlackTeam "Toltestava Tornado"]
[WhiteTeamCountry "HUN"]
[BlackTeamCountry "HUN"]

1. e4 c5 2. Nf3 d6 3. Bc4 Nf6 4. Nc3 e6 5. Bb5+ Bd7 6. Bxd7+ Qxd7 7. d4 cxd4 8. Nxd4 Be7 9. 0-0 0-0 10. Be3 Nc6 11. h3 Rac8 12. Qd2 Rfd8 13. Rad1 Ne5 14. b3 d5 15. f4 Bb4 16. fxe5 Nxe4 17. Nxe4 Bxd2 18. Nxd2 Rc3 19. Bf2 a6 20. N2f3 b5 21. Be1 Re3 22. Bb4 Rc8 23. Bd6 h6 24. Rd2 a5 25. Rdf2 f6 26. Kh1 f5 27. Nxe6 Qxe6 28. Nd4 Qd7 29. Nxf5 Rcc3 30. Nxe3 Rxe3 31. Rf8+ Kh7 32. R8f7 Rxh3+ 33. Kg1 Qg4 34. R7f4 Qg3 35. R4f3 Qh2+ 36. Kf2 Rxf3+ 37. Kxf3 Qh5+ 38. Kf2 Qf5+ 39. Kg1 Qxc2 40. e6 Qe4 1/2-1/2

[Event "HUN-chT4b 1415"]
[Site "Hungary"]
[Date "2014.11.08"]
[Round "3.3"]
[White "Borbely, Mate"]
[Black "Horvath, Tibor"]
[Result "0-1"]
[WhiteElo "1807"]
[BlackElo "1749"]
[PlyCount "41"]
[EventDate "2014.10.04"]
[EventType "team-tourn"]
[EventRounds "7"]
[EventCountry "HUN"]
[SourceTitle "EXT 2016"]
[Source "ChessBase"]
[SourceDate "2015.10.08"]
[SourceVersion "1"]
[SourceVersionDate "2015.10.08"]
[SourceQuality "1"]

1. d4 d5 2. Nf3 Nf6 3. c4 e6 4. Nc3 Be7 5. Bf4 0-0 6. e3 a6 7. Bd3 dxc4 8. Bxc4 b5 9. Bd3 Bb7 10. 0-0 Nbd7 11. Rc1 c5 12. Qe2 cxd4 13. exd4 Nb6 14. Nxb5 axb5 15. Bc7 Bxf3 16. Qxf3 Qxd4 17. Rfd1 Qxb2 18. Rc2 Qb4 19. Bxb6 Ra3 20. Qe2 Nd5 21. Rb2 0-1

[Event "HUN-chT4 1314"]
[Site "Hungary"]
[Date "2014.02.09"]
[Round "7.2"]
[White "Borbely, Mate"]
[Black "Nagy, Istvan"]
[Result "1-0"]
[WhiteElo "1804"]
[BlackElo "1848"]
[PlyCount "101"]
[EventDate "2013.10.13"]
[EventType "team-tourn"]
[EventRounds "11"]
[EventCountry "HUN"]
[SourceTitle "EXT 2016"]
[Source "ChessBase"]
[SourceDate "2015.10.08"]
[SourceVersion "1"]
[SourceVersionDate "2015.10.08"]
[SourceQuality "1"]

1. d4 g6 2. Nf3 Bg7 3. g3 d6 4. Bg2 Nf6 5. 0-0 0-0 6. c4 c5 7. Nc3 Nc6 8. h3 a6 9. e4 cxd4 10. Nxd4 Nxd4 11. Qxd4 Ng4 12. Qd1 Ne5 13. Qe2 e6 14. b3 Nc6 15. Bb2 Bd4 16. Nd1 Qf6 17. Rb1 Rb8 18. Ne3 Qg7 19. Rfd1 e5 20. Nc2 Bc5 21. a3 a5 22. Qe1 Qf6 23. b4 axb4 24. axb4 Bb6 25. Bc3 Ra8 26. b5 Ra2 27. bxc6 Qxf2+ 28. Qxf2 Bxf2+ 29. Kxf2 Rxc2+ 30. Kg1 bxc6 31. Rbc1 Rxc1 32. Rxc1 Re8 33. Rd1 Re6 34. c5 f6 35. cxd6 Bd7 36. Ra1 Rxd6 37. Bf1 Kg7 38. h4 Kh6 39. Bb4 Rd4 40. Bf8+ Kh5 41. Be2+ Bg4 42. Bf1 g5 43. Ra7 Bd7 44. Be2+ Kg6 45. Bc5 Rd2 46. h5+ Kf7 47. Bc4+ Kg7 48. Be6 Kh6 49. Rxd7 Rxd7 50. Bxd7 Kxh5 51. Bxc6 1-0

[Event "HUN-chT4 1314"]
[Site "Hungary"]
[Date "2013.11.24"]
[Round "4.3"]
[White "Vagi, Laszlo"]
[Black "Borbely, Mate"]
[Result "1/2-1/2"]
[WhiteElo "1690"]
[BlackElo "1795"]
[PlyCount "57"]
[EventDate "2013.10.13"]
[EventType "team-tourn"]
[EventRounds "11"]
[EventCountry "HUN"]
[SourceTitle "EXT 2016"]
[Source "ChessBase"]
[SourceDate "2015.10.08"]
[SourceVersion "1"]
[SourceVersionDate "2015.10.08"]
[SourceQuality "1"]

1. e4 c5 2. Nf3 d6 3. d4 cxd4 4. Nxd4 Nf6 5. Nc3 a6 6. Be2 e6 7. 0-0 Be7 8. Be3 0-0 9. h3 b5 10. Bf3 Nfd7 11. Nce2 Bb7 12. Ng3 Ne5 13. c3 Nbd7 14. Be2 Bh4 15. Nf3 Nxf3+ 16. gxf3 d5 17. Qc2 Qc7 18. Kh2 Nf6 19. Bd3 Rfd8 20. Rg1 Bxg3+ 21. fxg3 dxe4 22. fxe4 Rd7 23. Bg5 Qe5 24. Bxf6 Qxf6 25. Qe2 Rad8 26. Rad1 Qg5 27. Rge1 e5 28. Rf1 Qe7 29. Bc2 1/2-1/2

[Event "HUN-chT2 Charousek 1112"]
[Site "Hungary"]
[Date "2011.10.30"]
[Round "2"]
[White "Balogh, Mate"]
[Black "Borbely, Mate"]
[Result "1/2-1/2"]
[WhiteElo "2043"]
[BlackElo "1797"]
[PlyCount "53"]
[EventDate "2011.09.25"]
[EventType "team-tourn"]
[EventRounds "11"]
[EventCountry "HUN"]
[SourceTitle "EXT 2013"]
[Source "ChessBase"]
[SourceDate "2012.11.22"]
[SourceVersion "1"]
[SourceVersionDate "2012.11.22"]
[SourceQuality "1"]
[WhiteTeam "Haladas II"]
[BlackTeam "Kisber Aszar"]
[WhiteTeamCountry "HUN"]
[BlackTeamCountry "HUN"]

1. d4 d5 2. g3 c6 3. Bg2 Nf6 4. Nf3 e6 5. 0-0 Bd6 6. Nbd2 Nbd7 7. c3 0-0 8. Re1 e5 9. dxe5 Nxe5 10. e4 Bg4 11. exd5 Nxd5 12. Qb3 Qc7 13. Nxe5 Bxe5 14. Bxd5 cxd5 15. Qxd5 Rfe8 16. Qc4 Qd7 17. Nb3 Rac8 18. Nc5 Qf5 19. Bf4 b6 20. Rxe5 Rxe5 21. Bxe5 bxc5 22. Qf4 Qd7 23. f3 Bf5 24. g4 Bg6 25. Qe3 Qd5 26. Bf4 h5 27. g5 1/2-1/2

[Event "HUN-chT2 Charousek 1112"]
[Site "Hungary"]
[Date "2011.09.25"]
[Round "1"]
[White "Borbely, Mate"]
[Black "Salavecz, Gergely"]
[Result "1-0"]
[WhiteElo "1797"]
[BlackElo "1951"]
[PlyCount "87"]
[EventDate "2011.09.25"]
[EventType "team-tourn"]
[EventRounds "11"]
[EventCountry "HUN"]
[SourceTitle "EXT 2013"]
[Source "ChessBase"]
[SourceDate "2012.11.22"]
[SourceVersion "1"]
[SourceVersionDate "2012.11.22"]
[SourceQuality "1"]
[WhiteTeam "Kisber Aszar"]
[BlackTeam "Balatonfuered"]
[WhiteTeamCountry "HUN"]
[BlackTeamCountry "HUN"]

1. d4 d5 2. Nf3 Nf6 3. c4 dxc4 4. Qa4+ c6 5. Qxc4 e6 6. Bg5 Be7 7. Nbd2 a6 8. e3 b5 9. Qc2 Bb7 10. Bd3 Nbd7 11. 0-0 h6 12. Bh4 Rc8 13. Ne4 g5 14. Bg3 Nxe4 15. Bxe4 h5 16. h3 g4 17. hxg4 hxg4 18. Ne5 Nxe5 19. Bxe5 Bf6 20. Bg3 Bg7 21. Rfc1 f5 22. Bd3 Qg5 23. Qb3 Qh6 24. Kf1 c5 25. dxc5 Bxg2+ 26. Ke1 Rc6 27. a4 Bd5 28. Qb4 bxa4 29. Rxa4 0-0 30. Rxa6 Rxa6 31. Bxa6 e5 32. Bc4 Rd8 33. Ke2 f4 34. Bxd5+ Rxd5 35. exf4 Qg6 36. Qc4 Qf7 37. c6 exf4 38. Bxf4 Qe6+ 39. Be3 Be5 40. c7 Bxc7 41. Qxc7 Qf6 42. Qc8+ Rd8 43. Qxg4+ Kf8 44. Qf4 1-0

[Event "Kisber op"]
[Site "Kisber"]
[Date "2011.07.23"]
[Round "4"]
[White "Borbely, Mate"]
[Black "Kantor, Gergo"]
[Result "1-0"]
[WhiteElo "1817"]
[BlackElo "1531"]
[PlyCount "97"]
[EventDate "2011.07.21"]
[EventType "swiss"]
[EventRounds "7"]
[EventCountry "HUN"]
[SourceTitle "EXT 2012"]
[Source "ChessBase"]
[SourceDate "2011.11.24"]
[SourceVersion "1"]
[SourceVersionDate "2011.11.24"]
[SourceQuality "1"]

1. d4 d5 2. Nf3 e6 3. g3 Nc6 4. Bg2 h6 5. 0-0 Nf6 6. c4 b6 7. Nc3 Bb4 8. Ne5 Bb7 9. Qa4 Qd6 10. Nb5 Qe7 11. Bf4 0-0 12. Nxc7 Qxc7 13. Nxc6 Qxc6 14. Qxb4 Ba6 15. b3 Nh5 16. Bd2 b5 17. cxb5 Qxb5 18. Rfe1 Rfc8 19. Bf3 Nf6 20. Rac1 Ne4 21. Qxb5 Bxb5 22. Bf4 Ng5 23. Bg4 Ne4 24. Bc7 g6 25. e3 Ng5 26. Rc5 Ne4 27. Rc2 Bd3 28. Rcc1 h5 29. Be2 Bxe2 30. Rxe2 Nd6 31. Rec2 Ne8 32. b4 a6 33. a4 Nxc7 34. Rxc7 Rxc7 35. Rxc7 Kf8 36. b5 axb5 37. axb5 Rb8 38. Rc5 Ke7 39. Kf1 Kd7 40. Ke2 Rc8 41. Rxc8 Kxc8 42. Kf3 Kc7 43. Kf4 f6 44. h4 Kb6 45. f3 Kxb5 46. g4 Kc6 47. g5 f5 48. Ke5 Kd7 49. Kf6 1-0

[Event "Kisber op"]
[Site "Kisber"]
[Date "2011.07.22"]
[Round "2"]
[White "Borbely, Mate"]
[Black "Viczencz, Peter"]
[Result "1-0"]
[WhiteElo "1817"]
[BlackElo "1497"]
[PlyCount "35"]
[EventDate "2011.07.21"]
[EventType "swiss"]
[EventRounds "7"]
[EventCountry "HUN"]
[SourceTitle "EXT 2012"]
[Source "ChessBase"]
[SourceDate "2011.11.24"]
[SourceVersion "1"]
[SourceVersionDate "2011.11.24"]
[SourceQuality "1"]

1. d4 Nf6 2. Nf3 g6 3. g3 Bg7 4. Bg2 d5 5. 0-0 Bf5 6. c4 dxc4 7. Na3 Ne4 8. Nxc4 Nc6 9. d5 Nb4 10. Qa4+ Bd7 11. Qxb4 Bc8 12. Bf4 0-0 13. Nfe5 Nf6 14. Rfd1 a5 15. Nxa5 c5 16. dxc6 Qxa5 17. cxb7 Bxb7 18. Qxa5 1-0

[Event "HUN-chT2 Charousek 1011"]
[Site "Hungary"]
[Date "2010.11.07"]
[Round "5"]
[White "Borbely, Mate"]
[Black "Papp, Nandor"]
[Result "0-1"]
[WhiteElo "1814"]
[BlackElo "2156"]
[PlyCount "118"]
[EventDate "2010.09.12"]
[EventType "team-tourn"]
[EventRounds "11"]
[EventCountry "HUN"]
[SourceTitle "EXT 2012"]
[Source "ChessBase"]
[SourceDate "2011.11.24"]
[SourceVersion "1"]
[SourceVersionDate "2011.11.24"]
[SourceQuality "1"]
[WhiteTeam "Kisber Aszar"]
[BlackTeam "Aquaprofit II"]
[WhiteTeamCountry "HUN"]
[BlackTeamCountry "HUN"]

1. d4 Nf6 2. Nf3 g6 3. g3 Bg7 4. Bg2 0-0 5. 0-0 d6 6. Nc3 c6 7. e4 Qc7 8. h3 Nbd7 9. Be3 b5 10. a3 a5 11. e5 Nd5 12. Nxd5 cxd5 13. exd6 Qxd6 14. Bf4 Qc6 15. Ne5 Qb7 16. Qd2 e6 17. Rfe1 Nxe5 18. Bxe5 Bd7 19. h4 f6 20. Bf4 b4 21. Bd6 bxa3 22. Rxa3 Rfc8 23. Rxa5 Qxb2 24. Rea1 Rxa5 25. Qxa5 Qxd4 26. Qa2 Rxc2 27. Qxc2 Qxa1+ 28. Kh2 Qa8 29. Bb4 Qc8 30. Qd3 Qc4 31. Qa3 f5 32. Qa8+ Qc8 33. Qa2 d4 34. Qd2 h6 35. Ba3 Qc3 36. Bc1 Qxd2 37. Bxd2 Kf7 38. Kg1 e5 39. Kf1 Bb5+ 40. Ke1 e4 41. Ba5 Ke6 42. Bb4 g5 43. hxg5 hxg5 44. g4 Ke5 45. gxf5 Kxf5 46. Kd2 g4 47. Ba5 Bh6+ 48. Ke1 Bf4 49. Bb6 d3 50. Ba5 g3 51. fxg3 Bxg3+ 52. Kd1 e3 53. Bh3+ Kg6 54. Be1 e2+ 55. Kd2 Bc7 56. Ke3 Kg5 57. Be6 Bf4+ 58. Kf2 d2 59. Bxd2 Bxd2 0-1

[Event "HUN-chT U18"]
[Site "Miskolc"]
[Date "2010.11.06"]
[Round "8.17"]
[White "Kaszas, Kristof"]
[Black "Borbely, Mate"]
[Result "0-1"]
[WhiteElo "1797"]
[BlackElo "1814"]
[PlyCount "42"]
[EventDate "2010.11.02"]
[EventType "team-swiss"]
[EventRounds "8"]
[EventCountry "HUN"]
[SourceTitle "EXT 2016"]
[Source "ChessBase"]
[SourceDate "2015.10.08"]
[SourceVersion "1"]
[SourceVersionDate "2015.10.08"]
[SourceQuality "1"]

1. e4 c5 2. Nf3 d6 3. d3 Nc6 4. g3 g6 5. Bg2 Bg7 6. c3 e6 7. 0-0 Nge7 8. Nbd2 0-0 9. Qc2 Rb8 10. Ne1 b5 11. f4 b4 12. Nb3 a5 13. a4 c4 14. Nd2 cxd3 15. Nxd3 Ba6 16. Rf3 Qb6+ 17. Kh1 Rfc8 18. Nf1 Nd4 19. Qd1 Nxf3 20. Bxf3 bxc3 21. bxc3 Rxc3 0-1

[Event "HUN-chT U18"]
[Site "Miskolc"]
[Date "2010.11.05"]
[Round "7.9"]
[White "Gledura, Benjamin"]
[Black "Borbely, Mate"]
[Result "1-0"]
[WhiteElo "2180"]
[BlackElo "1814"]
[PlyCount "63"]
[EventDate "2010.11.02"]
[EventType "team-swiss"]
[EventRounds "8"]
[EventCountry "HUN"]
[SourceTitle "EXT 2016"]
[Source "ChessBase"]
[SourceDate "2015.10.08"]
[SourceVersion "1"]
[SourceVersionDate "2015.10.08"]
[SourceQuality "1"]

1. e4 c5 2. Nc3 d6 3. g3 Nc6 4. d3 e6 5. Bg2 g6 6. Be3 Bg7 7. Qd2 Nge7 8. Nge2 0-0 9. d4 cxd4 10. Nxd4 a6 11. 0-0 Qc7 12. a4 b6 13. h3 Bb7 14. Rad1 Rfd8 15. Nce2 Rac8 16. b3 d5 17. Nxc6 Bxc6 18. Qb4 b5 19. Nd4 a5 20. Qc5 bxa4 21. Nxc6 Nxc6 22. exd5 exd5 23. Bxd5 Re8 24. bxa4 Ne5 25. Qb5 Qxc2 26. Qxa5 Qf5 27. Kg2 Nc4 28. Qb5 Nxe3+ 29. fxe3 Rc2+ 30. Kg1 Qe5 31. Bxf7+ Kh8 32. Qxe8+ 1-0

[Event "HUN-chT U18"]
[Site "Miskolc"]
[Date "2010.11.04"]
[Round "5.13"]
[White "Bubits, Bence"]
[Black "Borbely, Mate"]
[Result "1-0"]
[WhiteElo "2072"]
[BlackElo "1814"]
[PlyCount "93"]
[EventDate "2010.11.02"]
[EventType "team-swiss"]
[EventRounds "8"]
[EventCountry "HUN"]
[SourceTitle "EXT 2016"]
[Source "ChessBase"]
[SourceDate "2015.10.08"]
[SourceVersion "1"]
[SourceVersionDate "2015.10.08"]
[SourceQuality "1"]

1. d4 Nf6 2. g3 e6 3. Bg2 d5 4. Nf3 Be7 5. 0-0 Nbd7 6. c4 c6 7. Nfd2 0-0 8. Nc3 b6 9. e4 Bb7 10. Re1 dxe4 11. Ndxe4 Nxe4 12. Nxe4 Nf6 13. Nc3 Bd6 14. Bg5 h6 15. Be3 Qc7 16. Qf3 Qe7 17. Rad1 Rad8 18. Rd3 Ba6 19. b3 Nd5 20. Bd2 Nb4 21. Rde3 Nc2 22. Qxc6 Nxe1 23. Bxe1 Rd7 24. c5 bxc5 25. dxc5 Bxc5 26. Qxa6 Bxe3 27. fxe3 Rfd8 28. Qe2 Qc5 29. Be4 Qe5 30. Qb5 Qf6 31. Qf1 Qg5 32. Qe2 Rc8 33. Bd3 Qe5 34. Bc4 Rcd8 35. a4 Qc5 36. Kf2 Qf5+ 37. Kg1 Qc5 38. Kf2 Qf5+ 39. Kg1 Qc5 40. Kg2 Qb6 41. Bb5 Rc7 42. Bc4 Rc5 43. a5 Qc6+ 44. Qf3 Rxc4 45. bxc4 Qxc4 46. Qe4 Qb4 47. Qxb4 1-0

[Event "HUN-chT U18"]
[Site "Miskolc"]
[Date "2010.11.03"]
[Round "3.16"]
[White "Haszon, Abel"]
[Black "Borbely, Mate"]
[Result "1-0"]
[WhiteElo "1746"]
[BlackElo "1814"]
[PlyCount "103"]
[EventDate "2010.11.02"]
[EventType "team-swiss"]
[EventRounds "8"]
[EventCountry "HUN"]
[SourceTitle "EXT 2016"]
[Source "ChessBase"]
[SourceDate "2015.10.08"]
[SourceVersion "1"]
[SourceVersionDate "2015.10.08"]
[SourceQuality "1"]

1. e4 c5 2. Nf3 d6 3. d4 cxd4 4. Nxd4 Nf6 5. f3 a6 6. c4 e6 7. Nc3 Be7 8. Be3 Qc7 9. Be2 Nc6 10. 0-0 0-0 11. Qd2 b6 12. Rfd1 Bd7 13. Bf2 Rfd8 14. Rac1 Qb7 15. Qe3 Rab8 16. f4 Nxd4 17. Rxd4 Bc6 18. Bd3 Ng4 19. Qh3 Nxf2 20. Kxf2 e5 21. fxe5 dxe5 22. Rxd8+ Rxd8 23. Nd5 Bc5+ 24. Ke2 Rd6 25. Rf1 b5 26. b3 bxc4 27. Bxc4 Bb5 28. Qc3 Bd4 29. Qc2 Rc6 30. a4 Bxc4+ 31. bxc4 Kf8 32. Rb1 Qc8 33. Kd3 g6 34. Qc1 Kg7 35. h3 Qd8 36. Rb7 Qh4 37. Qf1 Qf2 38. Qxf2 Bxf2 39. g4 h5 40. gxh5 gxh5 41. Ne7 Rf6 42. Nf5+ Kg6 43. Re7 Re6 44. Rxe6+ fxe6 45. Ne3 Kg5 46. c5 Kh4 47. c6 Kxh3 48. c7 Bxe3 49. Kxe3 h4 50. c8Q Kh2 51. Qg8 h3 52. Kf2 1-0

[Event "HUN-chT U18"]
[Site "Miskolc"]
[Date "2009.10.27"]
[Round "3.7"]
[White "Bagi, Mate"]
[Black "Borbely, Mate"]
[Result "1-0"]
[WhiteElo "2127"]
[BlackElo "1860"]
[PlyCount "51"]
[EventDate "2009.10.26"]
[EventType "team-swiss"]
[EventRounds "8"]
[EventCountry "HUN"]
[SourceTitle "EXT 2016"]
[Source "ChessBase"]
[SourceDate "2015.10.08"]
[SourceVersion "1"]
[SourceVersionDate "2015.10.08"]
[SourceQuality "1"]

1. e4 c5 2. Nf3 d6 3. d4 cxd4 4. Nxd4 Nf6 5. Nc3 a6 6. Bg5 e6 7. f4 Qb6 8. Qd2 Qxb2 9. Rb1 Qa3 10. f5 Nc6 11. fxe6 fxe6 12. Nxc6 bxc6 13. e5 dxe5 14. Bxf6 gxf6 15. Ne4 Be7 16. Be2 h5 17. 0-0 f5 18. Rb3 Qa4 19. c4 fxe4 20. Qd1 Bc5+ 21. Kh1 Bd4 22. Qc2 Qa5 23. Qxe4 Ra7 24. Qxc6+ Ke7 25. Rb8 Rh7 26. Qxc8 1-0